| 000 | 00890cac a22002411u 4500 | ||
|---|---|---|---|
| 008 | 081105s1998 nju|||||r|||| 00| 0 eng d | ||
| 010 | _a98106946 | ||
| 020 | _a0137584911 | ||
| 082 | 0 | 0 |
_a004.165 _bM4764 _222 |
| 100 |
_aMazidi, Muhammad Ali. _917974 |
||
| 245 | 0 | 4 |
_aDesign and interfacing of the IBM PC, PS, and compatible / _cMuhammad Ali Mazidi, Janice Gillispie Mazidi. |
| 250 | _a2nd ed. | ||
| 260 |
_aUpper Saddle River, N.J. : _bPrentice Hall, _c1998. |
||
| 300 |
_axxii, 761 p. : _bill. ; _c29 cm. |
||
| 490 | 1 |
_aThe 80x86 IBM PC and compatible computers ; _vv. 2 _917975 |
|
| 500 | _aIncludes index. | ||
| 650 | 0 |
_aIBM microcomputers. _917977 |
|
| 650 | 0 |
_aIBM compatible computers. _917978 |
|
| 650 | 0 |
_917976 _aIntel 80x86 series microprocessors |
|
| 700 | 1 |
_aMazidi, Janice Gillispie. _917979 |
|
| 800 | 1 |
_aMazidi, Muhammad Ali. _917980 |
|
| 942 |
_cBB _k004.165M4764 _2ddc |
||
| 999 |
_c438 _d438 |
||